La escuela rural mexicana/ (Record no. 12274)

MARC details
000 -CABECERA
campo de control de longitud fija 00797nam a2200253 4500
003 - IDENTIFICADOR DEL NÚMERO DE CONTROL
campo de control OSt
005 - FECHA Y HORA DE LA ÚLTIMA TRANSACCIÓN
campo de control 20260530113915.0
008 - DATOS DE LONGITUD FIJA--INFORMACIÓN GENERAL
campo de control de longitud fija 260508b1982 ||| |||| |||| 00| 0 spa d
040 ## - FUENTE DE LA CATALOGACIÓN
Centro catalogador/agencia de origen ICI
Lengua de catalogación spa
Centro/agencia transcriptor ICI
Normas de descripción rda
050 ## - SIGNATURA TOPOGRÁFICA DE LA BIBLIOTECA DEL CONGRESO
Número de clasificación LA421
Número de documento/Ítem R35
100 ## - ENTRADA PRINCIPAL--NOMBRE DE PERSONA
Nombre de persona Ramírez Castañeda, Rafael
Término indicativo de función/relación autor
9 (RLIN) 34023
245 ## - MENCIÓN DE TÍTULO
Título La escuela rural mexicana/
Mención de responsabilidad, etc. Ramírez Castañeda, Rafael
250 ## - MENCIÓN DE EDICIÓN
Mención de edición 2a ed.
264 ## - PRODUCCIÓN, PUBLICACIÓN, DISTRIBUCIÓN, FABRICACIÓN Y COPYRIGHT
Producción, publicación, distribución, fabricación y copyright México
Nombre del de productor, editor, distribuidor, fabricante Secretaria de Educación Pública
Fecha de producción, publicación, distribución, fabricación o copyright 1982
300 ## - DESCRIPCIÓN FÍSICA
Extensión 212 páginas
336 ## - TIPO DE CONTENIDO
Fuente rdacontent
Término de tipo de contenido texto
337 ## - TIPO DE MEDIO
Fuente rdamedia
Nombre/término del tipo de medio sin medio
338 ## - TIPO DE SOPORTE
Fuente rdacarrier
Nombre/término del tipo de soporte volumen
650 ## - PUNTO DE ACCESO ADICIONAL DE MATERIA--TÉRMINO DE MATERIA
Término de materia o nombre geográfico como elemento de entrada Educación rural
Subdivisión geográfica México
9 (RLIN) 25016
650 ## - PUNTO DE ACCESO ADICIONAL DE MATERIA--TÉRMINO DE MATERIA
Término de materia o nombre geográfico como elemento de entrada Escuelas rurales
Subdivisión geográfica México
9 (RLIN) 34024
650 ## - PUNTO DE ACCESO ADICIONAL DE MATERIA--TÉRMINO DE MATERIA
Término de materia o nombre geográfico como elemento de entrada Política educativa
Subdivisión geográfica México
9 (RLIN) 34025
650 ## - PUNTO DE ACCESO ADICIONAL DE MATERIA--TÉRMINO DE MATERIA
Término de materia o nombre geográfico como elemento de entrada Desarrollo comunitario rural
9 (RLIN) 34026
942 ## - ELEMENTOS DE PUNTO DE ACCESO ADICIONAL (KOHA)
Fuente del sistema de clasificación o colocación Library of Congress Classification
Suprimir en OPAC 1
Tipo de ítem Koha

No items available.